000 00701nam a2200241Ia 4500
003 OSt
005 20221007103525.0
006 a|||||r|||| 00| 0
007 ta
008 221006b |||||||| |||| 00| 0 eng d
024 _a13,424
037 _cTextual
040 _aLCO
_cLCO
_beng
041 _2eng
_aeng
082 _aZ8,2 Og V:2, K9
100 _aLaforest Gerard V.
_9705170
245 0 _aNatural Resources & Public Property Under the Canadian Constitution.
260 _aToronto
_bUniversity Press Canada
_c1969
300 _a230
650 _aCanadian Constitution
_9705171
942 _hZ8,2 Og V:2, K9
_cTEXL
999 _c1182987
_d1182987